| 000 | 00576npc a2200205Ia 4500 | ||
|---|---|---|---|
| 001 | ist261-47432 | ||
| 003 | IT-MiCISF | ||
| 008 | 161014s9999||||xx | und|| | ||
| 040 |
_aIT-MiCISF _cIT-MiCISF |
||
| 041 | _ait | ||
| 100 | _aAA.VV. | ||
| 245 | 0 | _aLa popolazione straniera residente in Italia al 1° gennaio 2008 | |
| 250 | _a1a ed. | ||
| 260 |
_a Roma _bIstat _c2008 |
||
| 300 | _app. 17 | ||
| 500 | _aIstituto Nazionale di Statistica / popolazione, famiglia-migranti, statistica / | ||
| 650 | _apopolazione | ||
| 942 | _cDD | ||
| 957 | _71 | ||
| 999 |
_a47432 _bsi _g1 _c206202 _d206202 |
||